Places with "Land" in their name - Statistics

General Stats
  • This quiz has been taken 62 times
  • The average score is 5 of 15
Answer Stats
Hint Population Answer % Correct
Australia 5.5m {Queens}land
83%
UK 56.4m {Eng}land
78%
UK 5.4m {Scot}land
78%
USA, Oregon 2.5m {Port}land
75%
UK, England 0 permanent Land's {End}
73%
USA, South Dakota 0 permanent {Bad}lands Nat.Park
50%
Denmark, Island 2.3m {Zea}land
47%
USA, Tennessee 1 possible {Grace}land
15%
Germany, Islands 1.2k {Heligo}land
12%
Germany, Bavaria 75k Land{shut}
12%
UK, North Sea 0 {Sea}land
7%
Brazil, Minas Gerais 713k {Uber}landia
5%
Antarctica 0 permanent {Graham} Land
0%
Australia, NSW 89k {Mait}land
0%
Canada, Ontario 55k {Wel}land
0%
No matching quizzes found
Score Distribution
Percent of People with Each Score
Percentile by Number Answered
Your Score History
You have not taken this quiz